| 000 | 00669nam a2200217 u 4500 | ||
|---|---|---|---|
| 005 | 20220526063418.0 | ||
| 008 | 121009s2004 r 000 0 eng d | ||
| 020 | _a9702212154 | ||
| 035 | _aUPN01000187253 | ||
| 049 | _aI | ||
| 050 | 4 |
_aPZ8 _bP4.4a |
|
| 100 | 1 |
_aPerrault, Charles, _d1628-1703 _929829 |
|
| 245 | 1 | 3 |
_aLa Cenicienta / _cPerrault Charles ; il. de Olivier Latyk. |
| 260 |
_aMéxico : _bLarousse, _cc2004. |
||
| 300 |
_a20 p. : _bprincipalmente il. col. |
||
| 440 | 0 | _aMis primeros cuentos clásicos | |
| 534 |
_pTítulo original: _tCendrillon |
||
| 650 | 0 |
_aCuentos infantiles franceses _98588 |
|
| 700 | 1 |
_aLatik, Olivier, _eil. |
|
| 905 | _aInfantil | ||
| 999 |
_c159356 _d159356 |
||